LEADER 01048cam0-2200373---450- 001 990009159320403321 005 20110314093402.0 010 $a88-15-11283-9 035 $a000915932 035 $aFED01000915932 035 $a(Aleph)000915932FED01 035 $a000915932 100 $a20100312d2006----km-y0itay50------ba 101 0 $aita 102 $aIT 105 $a--------001cy 200 1 $aGlobalizzazione e istruzione$fAntonio Cobalti 210 $aBologna$cil Mulino$dİ2006 215 $a290 p.$d22 cm 225 1 $aSaggi$v657 320 $aContiene riferimenti bibl. (pp. 249-282) 610 0 $aEducazione$aAspetti sociali 610 0 $aIstruzione$aAspetti sociali 676 $a306.43$v22$zita 700 1$aCobalti,$bAntonio$f<1943- >$0124399 801 0$aIT$bUNINA$gRICA$2UNIMARC 901 $aBK 912 $a990009159320403321 952 $aCollez. 75 (657)$b44222$fFSPBC 952 $a306.43 COB 1$b4801$fBFS 959 $aBFS 959 $aFSPBC 996 $aGlobalizzazione e istruzione$965040 997 $aUNINA LEADER 01721oam 2200409 a 450 001 9910699516103321 005 20230902162246.0 035 $a(CKB)5470000002403769 035 $a(OCoLC)662452854 035 $a(EXLCZ)995470000002403769 100 $a20100907d2010 ua 0 101 0 $aeng 135 $aurbn||||||||| 181 $ctxt$2rdacontent 182 $cc$2rdamedia 183 $acr$2rdacarrier 200 10$aAmending the Act of June 18, 1934, to reaffirm the authority of the Secretary of the Interior to take land into trust for Indian tribes$b[electronic resource] $ereport (to accompany S. 1703) 210 1$a[Washington, D.C.] :$c[U.S. G.P.O.],$d[2010] 215 $a1 online resource (14 pages) 225 1 $aReport / 111th Congress, 2d session, Senate ;$v111-247 300 $aTitle from title screen (viewed on Sept. 6, 2010). 300 $a"August 5, 2010." 320 $aIncludes bibliographical references. 517 $aAmending the Act of June 18, 1934, to reaffirm the authority of the Secretary of the Interior to take land into trust for Indian tribes 606 $aFederal-Indian trust relationship 606 $aIndians of North America$xLand tenure 606 $aIndians of North America$xLegal status, laws, etc 615 0$aFederal-Indian trust relationship. 615 0$aIndians of North America$xLand tenure. 615 0$aIndians of North America$xLegal status, laws, etc. 801 0$bGPO 801 1$bGPO 801 2$bGPO 906 $aBOOK 912 $a9910699516103321 996 $aAmending the Act of June 18, 1934, to reaffirm the authority of the Secretary of the Interior to take land into trust for Indian tribes$93480384 997 $aUNINA